00944nam a2200169Ia 4500001001300000003001000013008004100023040002500064041000700089100002000096245005700116250001100173260002500184300001100209500050600220650004800726b6450-46132 IT-MiCISF161014s9999||||xx |||||||||||||| ||und|| aIT-MiCISFcIT-MiCISF ait aZaffini Giorgia 0aCoppie in attesabIl desiderio di diventare genitori a1a ed. a RomabArmandoc2008 app. 80 a / genitorialità, coppia, sterilità, psicoanalisi / Che cosa si nasconde dietro la difficoltà di concepire un figlio? In questo libro l'A. fornisce una descrizione psicodinamica dei meccanismi psichici coinvolti nell'infertilità. Presentando uno spaccato reale della vita di coppia, attraverso una partecipazione empatica non solo si descrive il vissuto emozionale che le coppie sperimentano quando attendono l'arrivo di un figlio, ma si cerca di fornire loro suggerimenti per una vita serena. a Relazione di coppia / genitorialitàe002